Kommunen im Kreis Soest - Statistiken

Allgemein
  • Dieses Quiz wurde 92 mal gespielt
  • Das Durchschnittsergebnis liegt bei 9 aus 14
Antwortstatistiken
Einwohner Antwort % Korrekt
68739 Lippstadt
96%
47776 Soest
92%
29600 Werl
77%
11274 Möhnesee
69%
11883 Lippetal
67%
12194 Bad Sassendorf
65%
11999 Welver
63%
20930 Geseke
58%
10304 Anröchte
56%
24988 Warstein
56%
16300 Erwitte
54%
12383 Ense
48%
10290 Rüthen
44%
11637 Wickede (Ruhr)
23%
Keine übereinstimmenden Quizze gefunden
Verteilung der Resultate
Anzahl Personen mit jedem Resultat
Perzentil nach korrekt beantworteten Fragen
Ihre Resultats-Entwicklung
Sie haben dieses Quiz noch nicht gespielt